| 000 | 00621nam 22001813 4500 | ||
|---|---|---|---|
| 001 | 201201 | ||
| 090 | _a201201 | ||
| 100 | _a20260312d u||y0pory50 ba | ||
| 200 |
_aO lançamento do díscolo : realidade e alienação em desporto _fCarlos Pinhão |
||
| 210 |
_aLisboa _cCompendium _dimp. 1980 |
||
| 215 |
_a95, [17] p _cil. ; brochado |
||
| 225 |
_aEducação física e desporto _h14 |
||
| 606 |
_914416 _aDivertimentos públicos. Espetáculos. Cinema.Teatro. Dança. Jogos de mesa. Desportos |
||
| 675 |
_a79 _vPT _zpor |
||
| 700 |
_94410 _aPinhão _bCarlos _f1924-1993 |
||
| 801 |
_aPT _bBMMN _gRPC |
||
| 830 | _cVanda | ||
| 990 | _cLIVROS | ||